The sketch book of Geoffrey Crayon, Gentn
Saved in:
| Hovedforfatter: | |
|---|---|
| Format: | Bog |
| Sprog: | engelsk |
| Udgivet: |
Nueva York
G. P. Putnam & Co
1857
|
| Udgivelse: | 2a. ed |
| Serier: | <The >works of Washington Irving, II
|
| Fag: | |
| Tags: |
Tilføj Tag
Ingen Tags, Vær først til at tagge denne postø!
|
MARC
| LEADER | 00000nam a2200000 a 4500 | ||
|---|---|---|---|
| 001 | UCJ7505 | ||
| 003 | CL-VaPUC | ||
| 008 | 070124e18570000US |||||||||||||||||eng|d | ||
| 082 | 0 | 4 | |a 818 |b IRV |2 21 |
| 100 | |a Irving, Washington |e author |9 345121 | ||
| 245 | 1 | 4 | |a The sketch book of Geoffrey Crayon, Gentn |
| 250 | |a 2a. ed | ||
| 300 | |a xii, 465 p | ||
| 942 | |c BK | ||
| 945 | |d 20070124 00:00:00 |a rinostro | ||
| 260 | |a Nueva York |b G. P. Putnam & Co |c 1857 | ||
| 500 | |a The Author's revised edition complete in one volume | ||
| 600 | 0 | 7 | |a RIP VAN WINKLE |2 CL-VaPUC |9 515980 |
| 600 | 0 | 7 | |a KNICKERBOCKER, DIEDRICH |2 CL-VaPUC |9 515981 |
| 650 | 0 | |a Sátira |9 313713 | |
| 650 | 0 | |a Crítica literaria |9 269189 | |
| 650 | 0 | |a Ensayos estadounidenses |9 268384 | |
| 650 | 7 | |a LEYENDAS |2 CL-VaPUC |9 265258 | |
| 650 | 0 | |a Mujeres |9 257649 | |
| 583 | |a last modification |c 20130106 10:24:01 |k Rodrigo Vera | ||
| 490 | 0 | |a <The >works of Washington Irving, II | |
| 999 | |c 323589 |d 323587 | ||
| 952 | |0 0 |1 0 |4 0 |6 818_000000000000000_IRV_1857 |7 0 |8 X |9 403330 |a FDOBUD |b FDOBUD |d 2019-11-22 |i 1065246 |o 818 IRV 1857 |p 1065246 |r 2019-11-22 |w 2019-11-22 |y BK_X |k BUD | ||